[Event "RUS-ch Blitz Men 2018"]
[Site "Sochi"]
[Date "2018.10.07"]
[Round "15"]
[White "Panarin, Mikhail"]
[Black "Paravyan, David"]
[Result "0-1"]
[WhiteElo "2562"]
[BlackElo "2629"]
[Annotator "TA"]
[PlyCount "52"]
[EventDate "2018.10.07"]
[EventType "swiss"]
[EventCountry "RUS"]
[SourceTitle "playchess.com"]
[Source "ChessBase"]
[SourceQuality "1"]

1. e4 e5 2. Nf3 Nc6 3. Bb5 Nf6 4. d3 Bc5 5. Nbd2 Nd4 6. Nxd4 Bxd4 7. c3 Bb6 8. Nc4 O-O 9. O-O d5 10. exd5 Qxd5 11. Nxb6 axb6 12. Bc4 Qd6 13. Be3 Be6 14. Bxe6 Qxe6 15. d4 Rfd8 16. Qf3 e4 17. Qg3 Rd7 18. b3 b5 19. Rfe1 h6 20. f3 Kh7 21. Qh4 exf3 22. Bxh6 Qg4 23. Bg5+ Kg6 24. Qxg4 f2+ 25. Kxf2 Nxg4+ 26. Kg3 Kxg5 0-1

[Event "RUS-ch Blitz Men 2018"]
[Site "Sochi"]
[Date "2018.10.07"]
[Round "15"]
[White "Bocharov, Dmitry"]
[Black "Balashov, Yuri S"]
[Result "1-0"]
[WhiteElo "2557"]
[BlackElo "2429"]
[Annotator "ChessBase"]
[PlyCount "90"]
[EventDate "2018.10.07"]
[EventType "swiss"]
[EventCountry "RUS"]
[SourceTitle "playchess.com"]
[Source "ChessBase"]
[SourceQuality "1"]

1. c4 e5 2. d3 Nc6 3. Nf3 g6 4. Nc3 Bg7 5. g3 d6 6. Bg2 Nge7 7. O-O O-O 8. Rb1 Bg4 9. h3 Bd7 10. b4 a6 11. Nd2 Qc8 12. Kh2 b5 13. a4 bxc4 14. dxc4 Rb8 15. b5 Nd4 16. e3 Ne6 17. Ba3 f5 18. Qe2 e4 19. Rfc1 c5 20. a5 Ng5 21. b6 Bc6 22. Bb2 Qe6 23. Qd1 h5 24. Ne2 Bxb2 25. Rxb2 Nf7 26. Nb1 Ne5 27. Rd2 Nd3 28. Rxd3 exd3 29. Nf4 Qf6 30. Qxd3 Bxg2 31. Kxg2 Rfd8 32. Nc3 Kh7 33. Rd1 Nc6 34. Ncd5 Qf7 35. Qc3 Ne5 36. Nd3 Re8 37. Nc7 Re7 38. Nxe5 dxe5 39. Rd6 e4 40. Nxa6 Ra8 41. Nc7 Rxc7 42. bxc7 Qxc7 43. Qf6 Qg7 44. Qe6 Kh6 45. Rd7 Qb2 1-0

[Event "RUS-ch Blitz Men 2018"]
[Site "Sochi"]
[Date "2018.10.07"]
[Round "15"]
[White "Iljiushenok, Ilia"]
[Black "Remizov, Yaroslav"]
[Result "1-0"]
[WhiteElo "2539"]
[BlackElo "2315"]
[Annotator "ChessBase"]
[PlyCount "107"]
[EventDate "2018.10.07"]
[EventType "swiss"]
[EventCountry "RUS"]
[SourceTitle "playchess.com"]
[Source "ChessBase"]
[SourceQuality "1"]

1. Nf3 d5 2. g3 Nf6 3. Bg2 e6 4. O-O c6 5. b3 Bd6 6. Bb2 O-O 7. c4 Nbd7 8. d4 b5 9. Nbd2 bxc4 10. bxc4 Ba6 11. Qc2 Rb8 12. Rab1 Bb4 13. a3 Bxd2 14. Nxd2 Nb6 15. c5 Nc4 16. Nxc4 Bxc4 17. Bc3 Qc7 18. Bf3 Nd7 19. Rfe1 Rxb1 20. Rxb1 Rb8 21. e4 h6 22. e5 Rxb1+ 23. Qxb1 Qb8 24. Qc1 Qb5 25. Bd1 Bb3 26. Bh5 Qd3 27. Qd2 Qxd2 28. Bxd2 Kf8 29. Be2 Ke7 30. Bd3 Bc4 31. Bc2 f6 32. f4 f5 33. Ba4 Nb8 34. Kf2 g6 35. h3 Bd3 36. g4 Bc4 37. Ke3 Bf1 38. gxf5 exf5 39. h4 h5 40. Ba5 Bb5 41. Bc2 Kd7 42. a4 Bc4 43. Kd2 Na6 44. Kc3 Nc7 45. Bxc7 Kxc7 46. a5 a6 47. Ba4 Kd7 48. e6+ Kxe6 49. Bxc6 g5 50. fxg5 f4 51. Kd2 Kf5 52. Bd7+ Ke4 53. g6 f3 54. g7 1-0

[Event "RUS-ch Blitz Men 2018"]
[Site "Sochi"]
[Date "2018.10.07"]
[Round "15"]
[White "Sychev, Klementy"]
[Black "Savchenko, Boris"]
[Result "0-1"]
[WhiteElo "2534"]
[BlackElo "2562"]
[Annotator "TA"]
[PlyCount "62"]
[EventDate "2018.10.07"]
[EventType "swiss"]
[EventCountry "RUS"]
[SourceTitle "playchess.com"]
[Source "ChessBase"]
[SourceQuality "1"]

1. e4 e6 2. d4 d5 3. Nc3 Bb4 4. e5 c5 5. a3 Bxc3+ 6. bxc3 Qa5 7. Bd2 Qa4 8. Qg4 Kf8 9. h4 Nc6 10. h5 Nxe5 11. Qf4 Nc6 12. h6 g6 13. Nf3 Qxc2 14. Ng5 f6 15. Rh3 Ke8 16. Bd3 fxg5 17. Qxg5 Qa4 18. Bxg6+ Kd7 19. Bxh7 Rxh7 20. Qxg8 Qc2 21. Rg3 Ne7 22. Rg7 Rxh6 23. Bxh6 Qxc3+ 24. Ke2 Qc4+ 25. Ke1 Qc3+ 26. Ke2 Qc4+ 27. Kf3 Qd3+ 28. Kg4 Qxd4+ 29. f4 e5 30. Bg5 Kc6+ 31. Kg3 Nxg8 0-1

[Event "RUS-ch Blitz Men 2018"]
[Site "Sochi"]
[Date "2018.10.07"]
[Round "15"]
[White "Triapishko, Alexandr"]
[Black "Apryshko, Gleb"]
[Result "1-0"]
[WhiteElo "2508"]
[BlackElo "2399"]
[Annotator "TA"]
[PlyCount "67"]
[EventDate "2018.10.07"]
[EventType "swiss"]
[EventCountry "RUS"]
[SourceTitle "playchess.com"]
[Source "ChessBase"]
[SourceQuality "1"]

1. d4 b6 2. Nc3 Bb7 3. Nf3 e6 4. Bf4 d6 5. e3 g6 6. h3 Bg7 7. Be2 Nd7 8. a4 a6 9. O-O Ne7 10. Nd2 e5 11. dxe5 dxe5 12. Bh2 f5 13. Bc4 Nc6 14. Nf3 Nc5 15. Qxd8+ Rxd8 16. Rfd1 Na5 17. Ba2 Bxf3 18. gxf3 Nc6 19. Nd5 Rd7 20. b4 Nxa4 21. Bb3 b5 22. Rxa4 bxa4 23. Bxa4 Rd6 24. c4 Kf7 25. c5 Rxd5 26. Rxd5 Nxb4 27. Rd7+ Kf6 28. Rxc7 Bf8 29. c6 Nd5 30. Rb7 Bd6 31. Rd7 Nb6 32. Rxd6+ Ke7 33. Bxe5 Rc8 34. Bb3 1-0

[Event "RUS-ch Blitz Men 2018"]
[Site "Sochi"]
[Date "2018.10.07"]
[Round "15"]
[White "Gutenev, Alexander"]
[Black "Gabrielian, Artur"]
[Result "0-1"]
[WhiteElo "2456"]
[BlackElo "2499"]
[Annotator "ChessBase"]
[PlyCount "96"]
[EventDate "2018.10.07"]
[EventType "swiss"]
[EventCountry "RUS"]
[SourceTitle "playchess.com"]
[Source "ChessBase"]
[SourceQuality "1"]

1. e4 c5 2. Nf3 Nc6 3. d4 cxd4 4. Nxd4 Nf6 5. Nc3 d6 6. Bg5 e6 7. Qd2 a6 8. O-O-O Bd7 9. f4 Be7 10. Nf3 b5 11. Bxf6 gxf6 12. g3 Qb6 13. Bh3 b4 14. Ne2 O-O-O 15. f5 e5 16. Kb1 Kb8 17. Nc1 Bc8 18. Qd5 Rhf8 19. Nd2 Bb7 20. Nc4 Qc7 21. Qd3 Nd4 22. Ne3 Bc6 23. Nb3 Qb7 24. Bg2 Nxb3 25. Qxb3 a5 26. Nd5 Rc8 27. Rhe1 Bb5 28. Bf1 Bc6 29. a3 bxa3 30. Qxa3 Rfd8 31. Re3 a4 32. Rc3 Bf8 33. Rc4 Bxd5 34. Rxd5 Rxc4 35. Bxc4 Qa7 36. Rb5+ Kc7 37. Qc3 Kd7 38. Bxf7 Ke7 39. Bd5 Rb8 40. Qb4 Rxb5 41. Qxb5 Bh6 42. Ka2 a3 43. bxa3 Bc1 44. Qb3 Be3 45. Bg8 Kf8 46. Bc4 Bd4 47. Bb5 Kg7 48. Bc6 Kh6 0-1

[Event "RUS-ch Blitz Men 2018"]
[Site "Sochi"]
[Date "2018.10.07"]
[Round "15"]
[White "Usmanov, Vasily"]
[Black "Khanin, Semen"]
[Result "0-1"]
[WhiteElo "2453"]
[BlackElo "2510"]
[Annotator "ChessBase"]
[PlyCount "120"]
[EventDate "2018.10.07"]
[EventType "swiss"]
[EventCountry "RUS"]
[SourceTitle "playchess.com"]
[Source "ChessBase"]
[SourceQuality "1"]

1. Nf3 d5 2. d4 c5 3. c4 dxc4 4. Qa4+ Nc6 5. dxc5 Qa5+ 6. Qxa5 Nxa5 7. e4 e6 8. Be3 Nf6 9. Nc3 Ng4 10. Bd4 Nc6 11. Nb5 Nxd4 12. Nfxd4 Bxc5 13. Bxc4 O-O 14. Be2 Nxf2 15. Kxf2 a6 16. Rhc1 Bb6 17. Ke1 axb5 18. Nxb5 e5 19. Bc4 Bd7 20. Nd6 Bc6 21. b4 Bd4 22. Rab1 Rad8 23. b5 Rxd6 24. bxc6 bxc6 25. Rb7 Rf6 26. Rc2 h5 27. a4 Ra8 28. Ra2 Rf4 29. Bd3 c5 30. a5 Rxa5 31. Rxa5 Bc3+ 32. Ke2 Bxa5 33. g3 Rf6 34. Re7 Bc3 35. Bc4 Bd4 36. Bd5 g6 37. Re8+ Kg7 38. Re7 g5 39. Rc7 g4 40. Re7 Kg6 41. Re8 Rf2+ 42. Kd3 Rxh2 43. Rg8+ Kf6 44. Rf8 Rg2 45. Rxf7+ Kg6 46. Rf5 Rxg3+ 47. Kc4 h4 48. Bf7+ Kg7 49. Kd5 Rf3 50. Be6 Rxf5 51. Bxf5 g3 52. Bh3 Kf6 53. Kc4 Kg5 54. Kd3 Kf4 55. Ke2 Kxe4 56. Bd7 c4 57. Bb5 c3 58. Bc6+ Kf4 59. Kd3 h3 60. Bh1 g2 0-1

[Event "RUS-ch Blitz Men 2018"]
[Site "Sochi"]
[Date "2018.10.07"]
[Round "15"]
[White "Drygalov, Sergey"]
[Black "Tomashevsky, Evgeny"]
[Result "1/2-1/2"]
[WhiteElo "2446"]
[BlackElo "2705"]
[Annotator "TA"]
[PlyCount "131"]
[EventDate "2018.10.07"]
[EventType "swiss"]
[EventCountry "RUS"]
[SourceTitle "playchess.com"]
[Source "ChessBase"]
[SourceQuality "1"]

1. d4 Nf6 2. c4 e6 3. Nf3 b6 4. g3 Bb7 5. Bg2 Be7 6. O-O O-O 7. Re1 Na6 8. Nc3 Ne4 9. Bd2 d5 10. cxd5 exd5 11. Rc1 c5 12. Bf4 Nxc3 13. bxc3 Nc7 14. Rb1 Ne6 15. Be3 Rc8 16. Ne5 Rc7 17. f4 Bd6 18. Bf2 cxd4 19. cxd4 Qe7 20. Qb3 Bxe5 21. dxe5 d4 22. Bxb7 Rxb7 23. Rbc1 Rc7 24. Rxc7 Qxc7 25. Qa3 Rc8 26. f5 Ng5 27. Bxd4 Qc6 28. e4 Nxe4 29. Qf3 Ng5 30. Qxc6 Rxc6 31. Kf2 Rc2+ 32. Re2 Ne4+ 33. Ke3 Rxe2+ 34. Kxe2 h6 35. Kd3 Ng5 36. h4 Nf3 37. Bc3 h5 38. Kc4 Kf8 39. Kb5 Ng1 40. Ka6 Ne2 41. Be1 Nc1 42. a3 Nd3 43. Bc3 Nc5+ 44. Kxa7 b5 45. Bd4 Ne4 46. Ka6 Nxg3 47. Kxb5 Nxf5 48. Bc5+ Ke8 49. a4 Kd7 50. a5 Kc7 51. Bf2 Ne7 52. a6 Nd5 53. Kc5 Nf4 54. Kd4 Ne6+ 55. Kd5 Nf4+ 56. Ke4 Ne6 57. a7 Kb7 58. Kd5 Nf4+ 59. Kd6 Nd3 60. Be3 Ka8 61. Bd4 Nf4 62. Ke7 f6 63. exf6 gxf6 64. Kxf6 Ng2 65. Kg5 Nxh4 66. Kxh4 1/2-1/2

[Event "RUS-ch Blitz Men 2018"]
[Site "Sochi"]
[Date "2018.10.07"]
[Round "15"]
[White "Sharafiev, Azat"]
[Black "Truskavetsky, Alexandr"]
[Result "1-0"]
[WhiteElo "2432"]
[BlackElo "2393"]
[Annotator "NA"]
[PlyCount "101"]
[EventDate "2018.10.07"]
[EventType "swiss"]
[EventCountry "RUS"]
[SourceTitle "playchess.com"]
[Source "ChessBase"]
[SourceQuality "1"]

1. Nf3 Nf6 2. c4 c5 3. g3 g6 4. Bg2 Bg7 5. O-O O-O 6. Nc3 Nc6 7. d4 cxd4 8. Nxd4 Nxd4 9. Qxd4 d6 10. Qd3 Qa5 11. Bd2 Qh5 12. f3 Be6 13. b3 d5 14. cxd5 Nxd5 15. Nxd5 Bxd5 16. g4 Qe5 17. Rac1 Bc6 18. f4 Qe6 19. Bxc6 bxc6 20. f5 Qe5 21. Bc3 Qc5+ 22. Kh1 Bxc3 23. Rxc3 Qa5 24. a4 Rad8 25. Qf3 c5 26. Rfc1 Rd2 27. Rxc5 Qd8 28. R5c2 Rd1+ 29. Kg2 Rd4 30. Rc4 Rd2 31. R1c2 Rd1 32. Rc1 Rd2 33. R1c2 Rd1 34. R4c3 Qd4 35. e3 Rd2+ 36. Kh3 Qd6 37. Rxd2 Qxd2 38. e4 Rd8 39. Qe3 Qd1 40. Rc1 Qd6 41. e5 Qd3 42. Rc3 Qf1+ 43. Kg3 h5 44. e6 hxg4 45. exf7+ Kxf7 46. fxg6+ Kxg6 47. Rc6+ Rd6 48. Qe4+ Kf7 49. Rxd6 exd6 50. Qf4+ Qxf4+ 51. Kxf4 1-0

[Event "RUS-ch Blitz Men 2018"]
[Site "Sochi"]
[Date "2018.10.07"]
[Round "15"]
[White "Lugovskoy, Maxim"]
[Black "Asanov, Timur"]
[Result "1-0"]
[WhiteElo "2428"]
[BlackElo "2389"]
[Annotator "NA RC"]
[PlyCount "67"]
[EventDate "2018.10.07"]
[EventType "swiss"]
[EventCountry "RUS"]
[SourceTitle "playchess.com"]
[Source "ChessBase"]
[SourceQuality "1"]

1. d4 Nf6 2. Nc3 d5 3. Bf4 c6 4. e3 Bf5 5. f3 e6 6. g4 Bg6 7. h4 h6 8. h5 Bh7 9. Bd3 Bb4 10. Nge2 Nbd7 11. Bxh7 Nxh7 12. a3 Ba5 13. b4 Bc7 14. Qd3 Ng5 15. Kf2 e5 16. dxe5 Bxe5 17. Rad1 Qf6 18. Bxg5 hxg5 19. e4 O-O-O 20. exd5 Nb6 21. Ne4 Qe7 22. d6 Qe6 23. Nc5 Qf6 24. Ne4 Qh6 25. b5 cxb5 26. Qxb5 Bf4 27. a4 Qe6 28. a5 Nd7 29. Rb1 b6 30. Qc6+ Kb8 31. a6 Nc5 32. Nxc5 Qe3+ 33. Kf1 Qxf3+ 34. Qxf3 1-0

[Event "RUS-ch Blitz Men 2018"]
[Site "Sochi"]
[Date "2018.10.07"]
[Round "15"]
[White "Gochelashvili, David"]
[Black "Belyakov, Bogdan"]
[Result "0-1"]
[WhiteElo "2419"]
[BlackElo "2458"]
[Annotator "ChessBase"]
[PlyCount "94"]
[EventDate "2018.10.07"]
[EventType "swiss"]
[EventCountry "RUS"]
[SourceTitle "playchess.com"]
[Source "ChessBase"]
[SourceQuality "1"]

1. e4 c5 2. Nf3 a6 3. c3 Nf6 4. e5 Nd5 5. d4 cxd4 6. Qxd4 e6 7. Bd3 Nc6 8. Qe4 f5 9. exf6 Nxf6 10. Qh4 Be7 11. Bg6+ Kf8 12. Bc2 Qa5 13. Bg5 Ne5 14. Nbd2 Nf7 15. Nb3 Qc7 16. O-O-O d6 17. Rhe1 e5 18. Kb1 h6 19. Bxf6 Bxf6 20. Qh5 Bd7 21. Nh4 Bxh4 22. Qxh4 Qd8 23. Qb4 a5 24. Qxb7 a4 25. Bg6 axb3 26. Bxf7 bxa2+ 27. Ka1 Rb8 28. Qd5 Qb6 29. Qxd6+ Qxd6 30. Rxd6 Ke7 31. Rd5 Bc6 32. Rc5 Kxf7 33. Rxc6 Rhd8 34. Re2 Ra8 35. Re1 Rd2 36. Rf1 Rb8 37. b4 Rc2 38. g3 Rd8 39. Rc7+ Kf6 40. f4 e4 41. Rc6+ Kf7 42. Rc7+ Kf8 43. Rc4 e3 44. Re1 e2 45. Rd4 Rxd4 46. cxd4 Rd2 47. b5 Rd1+ 0-1

[Event "RUS-ch Blitz Men 2018"]
[Site "Sochi"]
[Date "2018.10.07"]
[Round "15"]
[White "Vastrukhin, Oleg"]
[Black "Kozionov, Kirill"]
[Result "1-0"]
[WhiteElo "2413"]
[BlackElo "2458"]
[Annotator "ChessBase"]
[PlyCount "117"]
[EventDate "2018.10.07"]
[EventType "swiss"]
[EventCountry "RUS"]
[SourceTitle "playchess.com"]
[Source "ChessBase"]
[SourceQuality "1"]

1. g3 d5 2. Nf3 g6 3. Bg2 Bg7 4. d4 Nf6 5. O-O O-O 6. Nbd2 c5 7. dxc5 Na6 8. Nb3 Ne4 9. Ne1 e6 10. Nd3 Qc7 11. Be3 Bd7 12. f3 Nf6 13. Bf4 Qc8 14. Be5 Ba4 15. Qd2 Bxb3 16. cxb3 Qd8 17. b4 d4 18. b5 Nc7 19. Qb4 Nfd5 20. Qxd4 Nxb5 21. Qc4 a6 22. Bxg7 Kxg7 23. Qe4 Qf6 24. Rfd1 Rac8 25. Rac1 Rfd8 26. Qe5 Qxe5 27. Nxe5 Ne3 28. Rxd8 Rxd8 29. Nd3 Nd4 30. Bf1 Nxf1 31. Kxf1 Nxf3 32. exf3 Rxd3 33. Ke2 Rd5 34. Ke3 Kf6 35. b4 h5 36. a4 Ke7 37. c6 bxc6 38. Rxc6 a5 39. b5 Rd1 40. Ra6 Rh1 41. h4 Rg1 42. Kf2 Ra1 43. Rxa5 Kd6 44. Ra6+ Kc5 45. b6 Kc6 46. a5 Ra2+ 47. Ke3 Ra3+ 48. Ke4 f6 49. Ra7 Ra4+ 50. Ke3 Ra3+ 51. Ke2 Ra2+ 52. Kd1 Ra1+ 53. Kc2 Ra3 54. b7 Kc7 55. a6 Ra2+ 56. Kb3 Ra5 57. Ra8 Rb5+ 58. Kc4 Rb1 59. Rc8+ 1-0

[Event "RUS-ch Blitz Men 2018"]
[Site "Sochi"]
[Date "2018.10.07"]
[Round "15"]
[White "Dzhumagaliev, Yan"]
[Black "Tekeyev, Zaur"]
[Result "0-1"]
[WhiteElo "2410"]
[BlackElo "2392"]
[Annotator "NA"]
[PlyCount "144"]
[EventDate "2018.10.07"]
[EventType "swiss"]
[EventCountry "RUS"]
[SourceTitle "playchess.com"]
[Source "ChessBase"]
[SourceQuality "1"]

1. Nf3 Nf6 2. d4 g6 3. g3 Bg7 4. Bg2 O-O 5. O-O d6 6. a4 Na6 7. a5 c5 8. Nc3 Bd7 9. dxc5 Nxc5 10. Nd4 Rb8 11. e4 a6 12. h3 e5 13. Nde2 Bc6 14. f3 d5 15. exd5 Nxd5 16. Nxd5 Bxd5 17. Be3 Rc8 18. Nc3 Bc4 19. Rf2 Qxd1+ 20. Rxd1 Ne6 21. Nd5 Rfd8 22. f4 exf4 23. gxf4 Bxb2 24. Rfd2 Bxd5 25. Bxd5 Bc3 26. Rd3 Bxa5 27. c4 Rb8 28. Kf2 Bc7 29. Kf3 Kf8 30. Bxe6 fxe6 31. Rd7 Ke8 32. Rxd8+ Rxd8 33. Rb1 b6 34. Ke4 Rb8 35. Ra1 a5 36. Rb1 Kd7 37. h4 Kc6 38. h5 gxh5 39. Rb5 a4 40. Rxh5 a3 41. Rxh7 a2 42. Rh1 Ra8 43. Ra1 Ra4 44. Kd3 Bd6 45. Bd4 Bxf4 46. Kc3 Bd6 47. Kb3 Ra3+ 48. Kb2 e5 49. Bf2 Rf3 50. Bh4 Rf4 51. Bg5 Rg4 52. Be3 Re4 53. Bg1 Re2+ 54. Kb3 Rg2 55. Ka4 Bc5 56. Bxc5 Kxc5 57. Kb3 Re2 58. Kc3 Re3+ 59. Kd2 Ra3 60. Kc2 Kxc4 61. Kb2 Ra8 62. Rc1+ Kd5 63. Ra1 e4 64. Kc3 Ke5 65. Kd2 b5 66. Kc3 e3 67. Kd3 b4 68. Kc4 Ke4 69. Kxb4 Kd3 70. Kb3 e2 71. Rh1 Kd2 72. Kb2 a1=Q+ 0-1

[Event "RUS-ch Blitz Men 2018"]
[Site "Sochi"]
[Date "2018.10.07"]
[Round "15"]
[White "Nechaev, Oleg"]
[Black "Oganian, Miran"]
[Result "1/2-1/2"]
[WhiteElo "2400"]
[BlackElo "2435"]
[Annotator "NA"]
[PlyCount "122"]
[EventDate "2018.10.07"]
[EventType "swiss"]
[EventCountry "RUS"]
[SourceTitle "playchess.com"]
[Source "ChessBase"]
[SourceQuality "1"]

1. d4 Nf6 2. Bg5 e6 3. Nd2 c5 4. e3 b6 5. Ngf3 Be7 6. Bd3 O-O 7. O-O Ba6 8. Bxa6 Nxa6 9. c3 d6 10. a4 Nb8 11. h3 Nbd7 12. Bf4 Qc7 13. Bh2 Rfd8 14. Qb3 Rac8 15. a5 cxd4 16. exd4 Qb7 17. axb6 axb6 18. Rfe1 d5 19. Ra2 Ra8 20. Rea1 Rxa2 21. Qxa2 b5 22. Qa6 Qxa6 23. Rxa6 b4 24. c4 dxc4 25. Nxc4 Nd5 26. Ra7 N7f6 27. Nfe5 Rc8 28. b3 Re8 29. f3 Nc3 30. Nc6 Bf8 31. N4e5 Rc8 32. Rxf7 Rxc6 33. Rxf8+ Kxf8 34. Nxc6 Nfd5 35. Bd6+ Kf7 36. Bxb4 Nxb4 37. Nxb4 Ne2+ 38. Kf2 Nxd4 39. Nd3 Nxb3 40. Ke3 Kf6 41. f4 Na5 42. g4 h6 43. Ne5 Nb3 44. Nd7+ Ke7 45. Nb6 Kf6 46. Nd7+ Ke7 47. Ne5 Kf6 48. Nd3 g5 49. Ke4 gxf4 50. Kxf4 Nd4 51. h4 Nc6 52. Nf2 Ne7 53. Ne4+ Kg6 54. h5+ Kf7 55. Nd6+ Kf6 56. Ne4+ Kf7 57. Ke5 Nc6+ 58. Kf4 Nd4 59. g5 hxg5+ 60. Kxg5 Nf5 61. h6 Nxh6 1/2-1/2

[Event "RUS-ch Blitz Men 2018"]
[Site "Sochi"]
[Date "2018.10.07"]
[Round "15"]
[White "Kalinin, Michail Borisovich"]
[Black "Tsoi, Dmitry"]
[Result "0-1"]
[WhiteElo "2380"]
[BlackElo "2429"]
[Annotator "NA"]
[PlyCount "134"]
[EventDate "2018.10.07"]
[EventType "swiss"]
[EventCountry "RUS"]
[SourceTitle "playchess.com"]
[Source "ChessBase"]
[SourceQuality "1"]

1. d4 Nf6 2. Nf3 d6 3. e3 Nbd7 4. b3 g6 5. Bb2 Bg7 6. c4 O-O 7. Be2 b6 8. Nbd2 Bb7 9. Qc2 e6 10. O-O c5 11. Rac1 Qe7 12. Rfd1 Rac8 13. Qb1 Rfd8 14. Qa1 Ne8 15. a3 d5 16. dxc5 Bxb2 17. Qxb2 Nxc5 18. b4 Ne4 19. Nxe4 dxe4 20. Nd4 e5 21. Nb5 Bc6 22. Nc3 f5 23. Nd5 Bxd5 24. cxd5 Nd6 25. Rc6 Rd7 26. h3 Rdc7 27. b5 Rd7 28. a4 Rb8 29. Rdc1 Kg7 30. Qc3 Kh6 31. Qb2 Rbd8 32. Qc3 Nf7 33. Bc4 Rd6 34. Bb3 R8d7 35. Rc8 Nd8 36. Bd1 Nb7 37. Bb3 Nc5 38. Ba2 Nxa4 39. Qd2 Nc5 40. Rc6 Qd8 41. Qb2 Nd3 42. Qa1 Nxc1 43. Rxc1 Qe7 44. Rc6 Rxd5 45. Bxd5 Rxd5 46. Qa2 Rxb5 47. Qa4 Rc5 48. Rxc5 bxc5 49. Qc6 a5 50. Qb5 Qa7 51. Qa4 Kg7 52. h4 Qc7 53. Qc4 Kf6 54. g3 Qc6 55. Qg8 c4 56. Qf8+ Ke6 57. Qg8+ Kd6 58. Qf8+ Kd5 59. Qd8+ Ke6 60. Qg8+ Kd7 61. Qg7+ Kc8 62. Qh8+ Kb7 63. Qxe5 c3 64. Qe7+ Ka6 65. Qa3 c2 66. Qc1 Qc3 67. Kg2 a4 0-1

[Event "RUS-ch Blitz Men 2018"]
[Site "Sochi"]
[Date "2018.10.07"]
[Round "15"]
[White "Murzin, Volodar"]
[Black "Riazantsev, Alexander"]
[Result "1/2-1/2"]
[WhiteElo "2340"]
[BlackElo "2649"]
[Annotator "TA"]
[PlyCount "141"]
[EventDate "2018.10.07"]
[EventType "swiss"]
[EventCountry "RUS"]
[SourceTitle "playchess.com"]
[Source "ChessBase"]
[SourceQuality "1"]

1. e4 c6 2. d4 d5 3. exd5 cxd5 4. Bd3 Nc6 5. c3 Nf6 6. Ne2 g6 7. Bf4 Bf5 8. Bxf5 gxf5 9. Nd2 e6 10. Nf3 Bd6 11. Qc1 Ne4 12. Bxd6 Qxd6 13. Nf4 O-O-O 14. Nd3 f6 15. Qf4 Rhg8 16. g3 Qxf4 17. Nxf4 Kd7 18. O-O Na5 19. Nd3 Nc4 20. Rac1 Rc8 21. Rfd1 b6 22. Nfe1 Ncd6 23. f3 Ng5 24. Kf2 Nc4 25. Ng2 Nh3+ 26. Ke2 Rc7 27. Rc2 Ng5 28. Ngf4 Rgc8 29. Kf2 Kd6 30. Re2 Re7 31. Rde1 Rce8 32. h4 Nf7 33. Nb4 Nd8 34. b3 Na5 35. Nc2 e5 36. Nh5 e4 37. Nxf6 Rf8 38. Nh5 Ne6 39. Kg2 Rc7 40. fxe4 fxe4 41. c4 Rf5 42. cxd5 Rxh5 43. dxe6 Kxe6 44. Rxe4+ Kd6 45. Ne3 Rc3 46. d5 Kd7 47. Ng4 Rc2+ 48. Kh3 Rf5 49. Re5 Rxe5 50. Rxe5 Rxa2 51. Rh5 Nxb3 52. Rh6 Nd4 53. Ne5+ Kd8 54. Rxh7 Nf5 55. Nc6+ Ke8 56. Rxa7 Rxa7 57. Nxa7 Nd6 58. h5 b5 59. Nc6 Kf7 60. g4 Kf6 61. Kh4 Ne4 62. h6 Kg6 63. g5 Nxg5 64. d6 Nf7 65. d7 Kxh6 66. Kg3 Kg5 67. Kf3 Kf5 68. Nd4+ Kf6 69. Nxb5 Ke7 70. Nd4 Kxd7 71. Ke4 1/2-1/2

[Event "RUS-ch Blitz Men 2018"]
[Site "Sochi"]
[Date "2018.10.07"]
[Round "15"]
[White "Inozemtsev, Sergei"]
[Black "Potapov, Pavel"]
[Result "0-1"]
[WhiteElo "2310"]
[BlackElo "2515"]
[Annotator "TA"]
[PlyCount "65"]
[EventDate "2018.10.07"]
[EventType "swiss"]
[EventCountry "RUS"]
[SourceTitle "playchess.com"]
[Source "ChessBase"]
[SourceQuality "1"]

1. e4 c5 2. Nf3 Nc6 3. Bb5 g6 4. Bxc6 bxc6 5. O-O Bg7 6. Re1 Nf6 7. d3 O-O 8. Nbd2 d6 9. e5 Nd5 10. h3 Nc7 11. Ne4 Ne6 12. exd6 exd6 13. c3 d5 14. Neg5 Qd6 15. Nxe6 Bxe6 16. Bg5 Rab8 17. Qd2 Rb7 18. Rac1 a5 19. b3 a4 20. Rb1 Ra7 21. Bh6 Rfa8 22. Bxg7 Kxg7 23. Qe3 axb3 24. axb3 Ra2 25. c4 Bf5 26. g3 Be6 27. Qe5+ Qxe5 28. Nxe5 R8a6 29. Rbc1 Rb2 30. cxd5 Bxd5 31. Rxc5 Raa2 32. Rf1 Rxb3 33. Rd1 0-1

[Event "RUS-ch Blitz Men 2018"]
[Site "Sochi"]
[Date "2018.10.07"]
[Round "15"]
[White "Linker, Mikhail"]
[Black "Demchenko, Anton"]
[Result "1-0"]
[WhiteElo "2269"]
[BlackElo "2679"]
[Annotator "TA"]
[PlyCount "87"]
[EventDate "2018.10.07"]
[EventType "swiss"]
[EventCountry "RUS"]
[SourceTitle "playchess.com"]
[Source "ChessBase"]
[SourceQuality "1"]

1. d4 Nf6 2. c4 g6 3. g3 Bg7 4. Bg2 O-O 5. Nc3 d6 6. Nf3 Nbd7 7. O-O e5 8. e4 exd4 9. Nxd4 Re8 10. Re1 Nc5 11. b3 a5 12. a3 c6 13. Bb2 Qb6 14. Rb1 Ng4 15. Ba1 Qa7 16. h3 Ne5 17. Nf3 a4 18. Nxe5 dxe5 19. b4 Ne6 20. c5 Nd4 21. Ne2 Nb3 22. Bc3 Be6 23. Qc2 Rad8 24. Rbd1 Nd4 25. Qb2 Nxe2+ 26. Qxe2 Bb3 27. Rd2 Qb8 28. Qe3 Rxd2 29. Bxd2 Rd8 30. Bc3 Qc7 31. Bf1 Qd7 32. h4 h5 33. Qg5 Re8 34. Re3 Qd1 35. Rd3 Qb1 36. Rd8 Rxd8 37. Qxd8+ Kh7 38. Qd3 Bc2 39. Qd7 Bxe4 40. Qxf7 Bd3 41. Bxe5 Qxf1+ 42. Kh2 Qxf2+ 43. Qxf2 Bxe5 44. Qe3 1-0

[Event "RUS-ch Blitz Men 2018"]
[Site "Sochi"]
[Date "2018.10.07"]
[Round "15"]
[White "Kozak, Alexander"]
[Black "Jary, Sergey"]
[Result "1/2-1/2"]
[WhiteElo "2262"]
[BlackElo "2286"]
[Annotator "NA"]
[PlyCount "95"]
[EventDate "2018.10.07"]
[EventType "swiss"]
[EventCountry "RUS"]
[SourceTitle "playchess.com"]
[Source "ChessBase"]
[SourceQuality "1"]

1. e4 e6 2. Nf3 d5 3. e5 c5 4. b4 c4 5. a3 a5 6. b5 Nd7 7. d3 cxd3 8. Bxd3 Nc5 9. Be2 Ne7 10. h4 h5 11. c4 Nf5 12. Bb2 Ne4 13. cxd5 Bc5 14. O-O Qb6 15. Nc3 Bxf2+ 16. Kh2 Ne3 17. Nxe4 Nxd1 18. Nd6+ Kf8 19. Raxd1 exd5 20. Bd4 Bxd4 21. Nxd4 f6 22. Bf3 Bg4 23. Bxd5 Bxd1 24. Ne6+ Ke7 25. Nf5+ Kd7 26. Rxd1 fxe5 27. Bc4+ Ke8 28. Nfxg7+ Ke7 29. Nf5+ Kf6 30. Rf1 Rhf8 31. Ng5 e4 32. Nxe4+ Ke5 33. Neg3 Rae8 34. Rd1 Rxf5 35. Rd5+ Kf4 36. Rxf5+ Ke3 37. Rf3+ Kd2 38. Bf7 Re1 39. Bxh5 a4 40. Bg4 Qd6 41. Kh3 Kc1 42. h5 Rd1 43. Bf5 Rd4 44. Ne2+ Kd1 45. Nxd4 Qxd4 46. Rd3+ Qxd3+ 47. Bxd3 Kd2 48. Be4 1/2-1/2

[Event "RUS-ch Blitz Men 2018"]
[Site "Sochi"]
[Date "2018.10.07"]
[Round "15"]
[White "Kretov, Evgenij"]
[Black "Lobanov, Sergei"]
[Result "0-1"]
[WhiteElo "2219"]
[BlackElo "2539"]
[Annotator "TA"]
[PlyCount "84"]
[EventDate "2018.10.07"]
[EventType "swiss"]
[EventCountry "RUS"]
[SourceTitle "playchess.com"]
[Source "ChessBase"]
[SourceQuality "1"]

1. d4 Nf6 2. c4 c6 3. Nc3 d5 4. e3 e6 5. Nf3 Nbd7 6. Bd3 dxc4 7. Bxc4 b5 8. Be2 Bb7 9. O-O a6 10. e4 c5 11. e5 Nd5 12. Ne4 h6 13. a4 b4 14. a5 Be7 15. Re1 Rc8 16. Bd3 O-O 17. Qe2 cxd4 18. Bxa6 Bxa6 19. Qxa6 Ra8 20. Qb5 Qc7 21. Nxd4 Nxe5 22. a6 Rfc8 23. h3 Qc4 24. Qxc4 Rxc4 25. Be3 Nd3 26. Re2 e5 27. Nd2 Rc1+ 28. Rxc1 Nxc1 29. Re1 exd4 30. Bxd4 Nd3 31. Ra1 Bf6 32. Bxf6 gxf6 33. Nc4 Ra7 34. Rd1 N5f4 35. Ra1 Nc5 36. Ra5 Nxa6 37. Nd6 Ne6 38. Nf5 Kh7 39. Nd6 Nec5 40. g3 Rd7 41. Nf5 Rd2 42. b3 Rd3 0-1